Lý thuyết và thực hành kế toán tài chính Lý thuyết và bài tập, ví dụ minh họa, sơ đồ kế toán,Thuế giá trị gia tăng VAT; Thuế thu nhập doanh nghiệp

Guardat en:
Dades bibliogràfiques
Autor principal: Nguyễn Văn Công
Format: Llibre
Idioma:Undetermined
Publicat: Hà Nội Tài chính 2000
Matèries:
Etiquetes: Afegir etiqueta
Sense etiquetes, Sigues el primer a etiquetar aquest registre!
Thư viện lưu trữ: Trung tâm Học liệu Trường Đại học Cần Thơ
LEADER 00677nam a2200181Ia 4500
001 CTU_38283
008 210402s9999 xx 000 0 und d
082 |a 657.2 
082 |b C455/2000 
100 |a Nguyễn Văn Công 
245 0 |a Lý thuyết và thực hành kế toán tài chính 
245 0 |b Lý thuyết và bài tập, ví dụ minh họa, sơ đồ kế toán,Thuế giá trị gia tăng VAT; Thuế thu nhập doanh nghiệp 
245 0 |c Nguyễn Văn Công 
260 |a Hà Nội 
260 |b Tài chính 
260 |c 2000 
650 |a accounting 
980 |a Trung tâm Học liệu Trường Đại học Cần Thơ